[Event "Olympiad-36"]
[Site "Mallorca"]
[Date "2004.10.25"]
[Round "10"]
[White "Sorin, Ariel"]
[Black "Patriarca, Luis"]
[Result "1/2-1/2"]
[WhiteElo "2509"]
[BlackElo "2259"]
[PlyCount "96"]
[EventDate "2004.10.15"]
[EventType "team-swiss"]
[EventRounds "14"]
[EventCountry "ESP"]
[SourceTitle "CBM 104"]
[Source "ChessBase"]
[SourceDate "2005.01.27"]
[SourceVersion "1"]
[SourceVersionDate "2005.01.27"]
[SourceQuality "1"]
[WhiteTeam "Argentina"]
[BlackTeam "Paraguay"]
[WhiteTeamCountry "ARG"]
[BlackTeamCountry "PAR"]

1. d4 Nf6 2. c4 e6 3. Nf3 d5 4. Nc3 Bb4 5. cxd5 exd5 6. Bg5 Nbd7 7. Rc1 c6 8. a3 Bd6 9. e3 0-0 10. Bd3 Re8 11. Qc2 Nf8 12. Bh4 Bg4 13. Nd2 Bh5 14. Bg3 Bg6 15. 0-0 Bxd3 16. Qxd3 Bxg3 17. hxg3 Qd7 18. f3 Re7 19. Rfe1 Rae8 20. Kf2 Qd6 21. b4 N6d7 22. Na4 b5 23. Nc5 Nb6 24. e4 f6 25. Qc3 Nc4 26. Nxc4 bxc4 27. f4 Qb8 28. f5 Kh8 29. Rc2 g6 30. Qf3 Kg7 31. fxg6 hxg6 32. Rce2 Qd8 33. exd5 Rxe2+ 34. Rxe2 Rxe2+ 35. Kxe2 cxd5 36. a4 Kf7 37. Qe3 Qc8 38. b5 Ne6 39. a5 Nxc5 40. dxc5 Qg4+ 41. Kd2 d4 42. Qf4 c3+ 43. Kc1 Qe2 44. Qc7+ Kg8 45. Qd8+ Kg7 46. Qd7+ Kg8 47. Qd8+ Kg7 48. Qd7+ Kg8 1/2-1/2

[Event "Sao Paulo Itau Cup 7th"]
[Site "Sao Paulo"]
[Date "2003.10.03"]
[Round "7"]
[White "Del Bosco, Roberto Paulo"]
[Black "Patriarca, Luis"]
[Result "1-0"]
[WhiteElo "2122"]
[BlackElo "2285"]
[PlyCount "37"]
[EventDate "2003.10.??"]
[EventType "swiss"]
[EventRounds "9"]
[EventCountry "BRA"]
[SourceTitle "CBM 096 Extra"]
[Source "ChessBase"]
[SourceDate "2003.10.22"]
[SourceVersion "2"]
[SourceVersionDate "2003.10.20"]
[SourceQuality "1"]

1. e4 c6 2. d4 d5 3. Nc3 dxe4 4. Nxe4 Bf5 5. Ng3 Bg6 6. Nf3 Nd7 7. Be2 Ngf6 8. 0-0 e6 9. c4 c5 10. Be3 Qc7 11. Qa4 Ng4 12. Rad1 Nxe3 13. fxe3 Bd6 14. d5 exd5 15. Rxd5 0-0 16. Qd1 Bxg3 17. Rxd7 Rad8 18. Rxc7 Rxd1 19. hxg3 1-0

[Event "Itau Mercosul Cup 6th"]
[Site "Sao Paulo"]
[Date "2002.10.05"]
[Round "9"]
[White "Cubas, Jose Fernando"]
[Black "Patriarca, Luis"]
[Result "1-0"]
[WhiteElo "2370"]
[BlackElo "2285"]
[PlyCount "75"]
[EventDate "2002.09.28"]
[EventType "swiss"]
[EventRounds "9"]
[EventCountry "BRA"]
[SourceTitle "CBM 090 Extra"]
[Source "ChessBase"]
[SourceDate "2002.11.07"]
[SourceVersion "1"]
[SourceVersionDate "2002.11.07"]
[SourceQuality "1"]

1. e4 c6 2. d4 d5 3. e5 Bf5 4. Ne2 e6 5. Nf4 h6 6. g4 Bh7 7. Bg2 Nd7 8. 0-0 Ne7 9. Be3 Qc7 10. Nc3 Ng6 11. Nxg6 Bxg6 12. f4 0-0-0 13. f5 Bh7 14. Ne2 Qb6 15. Qc1 Kb8 16. c4 Qa6 17. b3 Nb6 18. fxe6 fxe6 19. Nf4 Ba3 20. Qc3 dxc4 21. Nxe6 Rd7 22. b4 Qa4 23. Nc5 Qxb4 24. Qxb4 Bxb4 25. Nxd7+ Nxd7 26. Rf7 Nb6 27. Rxg7 Bd3 28. a3 Bc3 29. Ra2 Be1 30. e6 c3 31. Bf4+ Ka8 32. e7 Bc4 33. Ra1 Bh4 34. g5 hxg5 35. Bxg5 Bxg5 36. Rxg5 Re8 37. Rc1 Kb8 38. Re5 1-0

[Event "Asuncion Mayor op"]
[Site "Asuncion"]
[Date "2001.??.??"]
[Round "2"]
[White "Patriarca, Luis"]
[Black "Butti, Enrique"]
[Result "1/2-1/2"]
[WhiteElo "2317"]
[BlackElo "2218"]
[PlyCount "44"]
[EventDate "2001.07.??"]
[EventType "swiss"]
[EventRounds "11"]
[EventCountry "PAR"]
[SourceTitle "EXT 2003"]
[Source "ChessBase"]
[SourceDate "2002.11.25"]
[SourceVersion "1"]
[SourceVersionDate "2002.11.25"]
[SourceQuality "1"]

1. c4 c6 2. d4 d5 3. Nc3 Nf6 4. cxd5 cxd5 5. Nf3 Nc6 6. Bf4 Bf5 7. e3 a6 8. Bd3 Bxd3 9. Qxd3 e6 10. 0-0 Bd6 11. Bxd6 Qxd6 12. Rfc1 0-0 13. Na4 Ne4 14. Nc5 Nxc5 15. Rxc5 Ne7 16. Rac1 Rfc8 17. b4 Qd8 18. Qc2 b6 19. Rc7 Rxc7 20. Qxc7 Qxc7 21. Rxc7 Rc8 22. Rxc8+ Nxc8 1/2-1/2

[Event "Olympiad-34"]
[Site "Istanbul"]
[Date "2000.11.10"]
[Round "13.3"]
[White "Patriarca, Luis"]
[Black "Klerides, Paris"]
[Result "1-0"]
[WhiteElo "2307"]
[BlackElo "2226"]
[PlyCount "75"]
[EventDate "2000.10.28"]
[EventType "team-swiss"]
[EventRounds "14"]
[EventCountry "TUR"]
[SourceTitle "EXT 2001"]
[Source "ChessBase"]
[SourceDate "2000.11.22"]
[SourceVersion "1"]
[SourceVersionDate "2000.11.22"]
[SourceQuality "1"]
[WhiteTeam "Paraguay"]
[BlackTeam "Cyprus"]
[WhiteTeamCountry "PAR"]
[BlackTeamCountry "CYP"]

1. c4 Nf6 2. Nc3 g6 3. g3 Bg7 4. Bg2 0-0 5. e4 d6 6. Nge2 e5 7. h3 c6 8. d3 h6 9. Be3 Nbd7 10. f4 exf4 11. Nxf4 Ne5 12. 0-0 Nh7 13. Qe2 c5 14. Rad1 Nc6 15. Nfd5 Ng5 16. Kh2 Ne6 17. Qd2 Kh7 18. Rf2 Ned4 19. Rdf1 f5 20. Nf4 Be5 21. Nfe2 Bg7 22. Bf4 Nxe2 23. Nxe2 Be6 24. exf5 Rxf5 25. g4 Rf7 26. Be3 Rxf2 27. Rxf2 Qe7 28. Nf4 Rf8 29. Nxg6 Rxf2 30. Qxf2 Qf7 31. Be4 Qxf2+ 32. Bxf2 Kg8 33. b3 Nb4 34. a3 Nc2 35. Bg3 Nxa3 36. Bxb7 Bf7 37. Ne7+ Kf8 38. Bxd6 1-0